| 000 | 00692nam a22001577a 4500 | ||
|---|---|---|---|
| 008 | 100621t xxu||||| |||| 00| 0 eng d | ||
| 020 | _a977080082 | ||
| 082 |
_222 _a212 _bغ ز ا |
||
| 100 |
_9334 _aالغزالي، أبو حامد محمد بن محمد |
||
| 245 |
_aالأدب في الدين / _cأبي حامد الغزالي ؛ تحقيق ودراسة عبد المجيد دياب ؛ المشرف على التحرير جمال الغيطاني |
||
| 260 |
_aالقاهرة : _bمؤسسة أخبار اليوم ، 1990 _c1990 |
||
| 300 |
_a165 ص ؛ _c19 سم |
||
| 500 | _aإهداء: علاء عبد الغني | ||
| 650 |
_914970 _aالآداب الإسلامية |
||
| 942 |
_2ddc _cBB |
||
| 999 |
_c14141 _d14141 |
||